| 000 | 00657cam a22002057a 4500 | ||
|---|---|---|---|
| 020 | _a0804815666 | ||
| 040 | _cDLC | ||
| 082 | _a133 C.E 1988 A002 Or. | ||
| 100 | 1 | _aMelyan, Gary G. | |
| 245 | 1 | 4 | _aThe pocket I-Ching / |
| 250 | _a1st Yenbooks ed. | ||
| 260 |
_aTokyo, Japan ; _a[Rutland, Vt.] : _bC.E. Tuttle, _c1988, c1977. |
||
| 300 |
_a182 p. ; _c18 cm. |
||
| 490 | 0 | _aYenbooks | |
| 500 | _aOriginally published: Rutland, Vt. : C.E. Tuttle, c1977. | ||
| 700 | 1 | _aChu, Wen-kuang, | |
| 856 | 4 | 2 | _uhttp://www.loc.gov/catdir/enhancements/fy0828/88050327-b.html |
| 856 | 4 | 2 | _uhttp://www.loc.gov/catdir/enhancements/fy0828/88050327-d.html |
| 942 | _cEK | ||
| 999 |
_c13113 _d13113 |
||